[Event "Oebro CXU Nytaar 2023"]
[Site "Copenhagen"]
[Date "2023.12.28"]
[Round "4"]
[Board "3"]
[White "Hector, Jonny"]
[Black "Terryn, Ezra"]
[Result "1-0"]
[WhiteElo "2444"]
[BlackElo "2217"]
[PlyCount "99"]
[EventDate "2023.12.27"]
[EventType "swiss"]
[EventRounds "7"]
[EventCountry "DEN"]
[SourceTitle "Live v. Freja Gronnemose"]

1. e4 c5 2. Nf3 e6 3. d4 cxd4 4. Nxd4 Nf6 5. Nc3 Nc6 
6. Nxc6 bxc6 7. e5 Nd5 8. Ne4 Qc7 9. f4 Qb6 10. a3 10... 
Ne3 11. Qd3 Nxf1 12. Rxf1 c5 13. Be3 c4 14. Qc3 Qc6 15. Nd2 
Be7 16. Rf2 O-O 17. Qxc4 Qxc4 18. Nxc4 Ba6 19. Nd2 Rfc8 20. O-O-O 
20... Rc7 21. Ne4 Bb7 22. Nd6 Bd5 23. Nb5 Rb7 24. Nc3 Bc6 25. 
Bd4 Rab8 26. Ne2 Rc8 27. Rd3 Be4 28. Rd2 Rcb8 29. Ng3 Bd5 30. 
Rd3 30... Rc8 31. f5 d6 32. f6 dxe5 33. Bxe5 gxf6 34. Bxf6 Bxf6 
35. Rxf6 Bxg2 36. Rf2 Bc6 37. Nh5 f5 38. Rg3+ Kh8 39. Re3 Be8 
40. Nf4 40... Bf7 41. Nd3 Kg7 42. b4 Kf6 43. Nc5 Rbc7 44. Ne4+ 
Ke7 45. Ng5 h6 46. Nf3 Bh5 47. Nd4 Rc6 48. Nxf5+ Kd7 49. Rd2+ 
Kc7 50. Ne7 1-0

[Event "Oebro CXU Nytaar 2023"]
[Site "Copenhagen"]
[Date "2023.12.28"]
[Round "4"]
[Board "4"]
[White "Nilssen, Ellen Fredericia"]
[Black "Falkesgaard, Jeppe Hald"]
[Result "1-0"]
[WhiteElo "2193"]
[BlackElo "2188"]
[PlyCount "61"]
[EventDate "2023.12.27"]
[EventType "swiss"]
[EventRounds "7"]
[EventCountry "DEN"]
[SourceTitle "Live v. Freja Gronnemose"]

1. d4 d5 2. c4 e6 3. Nc3 c6 4. cxd5 exd5 5. Bf4 Bf5 
6. e3 Nf6 7. Bd3 Bxd3 8. Qxd3 Bd6 9. Bxd6 Qxd6 10. Nf3 10... 
Nbd7 11. O-O O-O 12. h3 a5 13. Nd2 Rfe8 14. Rfe1 Nf8 15. e4 
dxe4 16. Ndxe4 Nxe4 17. Nxe4 Qg6 18. Rad1 Rad8 19. Qf3 Ne6 20. Nc3 
20... h6 21. d5 cxd5 22. Rxd5 Ng5 23. Rxe8+ Rxe8 24. Qd3 Qxd3 25. 
Rxd3 Re1+ 26. Kh2 Ne4 27. Rd8+ Kh7 28. Re8 Nxc3 29. Rxe1 Nxa2 30. 
Ra1 30... Nb4 31. Rxa5 1-0

[Event "Oebro CXU Nytaar 2023"]
[Site "Copenhagen"]
[Date "2023.12.28"]
[Round "4"]
[Board "5"]
[White "Borge, Nikolaj"]
[Black "Veiergang, Oscar Jacob"]
[Result "1-0"]
[WhiteElo "2402"]
[BlackElo "1926"]
[PlyCount "57"]
[EventDate "2023.12.27"]
[EventType "swiss"]
[EventRounds "7"]
[EventCountry "DEN"]
[SourceTitle "Live v. Freja Gronnemose"]

1. e4 e5 2. Nf3 Nc6 3. Bc4 Nf6 4. d3 Bc5 5. c3 d6 
6. b4 Bb6 7. a4 a6 8. O-O h6 9. Bb3 Be6 10. Nbd2 10... 
O-O 11. Re1 Kh8 12. Nc4 Bxc4 13. Bxc4 Ng4 14. Ra2 f5 15. h3 
fxe4 16. dxe4 Nf6 17. a5 Ba7 18. Nh4 Ne7 19. g3 Qd7 20. Kh2 
20... Qc6 21. Qd3 Qe8 22. Bb3 Qh5 23. Bd1 Qf7 24. Rb2 Bxf2 25. 
Rxf2 Ng4+ 26. Bxg4 Qxf2+ 27. Ng2 Rf6 28. Be2 Raf8 29. Be3 1-0

[Event "Oebro CXU Nytaar 2023"]
[Site "Copenhagen"]
[Date "2023.12.28"]
[Round "4"]
[Board "6"]
[White "Ertbjerg, Andreas Lund"]
[Black "Nielsen, Viktor Haarmark"]
[Result "0-1"]
[WhiteElo "2020"]
[BlackElo "2365"]
[PlyCount "126"]
[EventDate "2023.12.27"]
[EventType "swiss"]
[EventRounds "7"]
[EventCountry "DEN"]
[SourceTitle "Live v. Freja Gronnemose"]

1. e4 c5 2. Nc3 g6 3. g3 Bg7 4. Bg2 Nc6 5. d3 Rb8 
6. Be3 d6 7. Qd2 b5 8. Nge2 Nd4 9. O-O h5 10. Nd1 10... 
b4 11. c3 bxc3 12. bxc3 Nxe2+ 13. Qxe2 Qa5 14. Rc1 Nf6 15. e5 
dxe5 16. Bg5 O-O 17. Qxe5 Be6 18. Qe2 Qxa2 19. Qxa2 Bxa2 20. Ra1 
20... Bb1 21. d4 cxd4 22. cxd4 Bd3 23. Re1 e6 24. Ra3 a5 25. 
Rxa5 Rb1 26. Ra7 Rb4 27. Rb7 Rxb7 28. Bxb7 Rb8 29. Bxf6 Bxf6 30. 
Be4 30... Bxe4 31. Rxe4 Rb1 32. Re1 Bxd4 33. h4 e5 34. Kg2 Kg7 
35. Rf1 Rc1 36. Rh1 Kf6 37. Re1 Kg7 38. Rh1 f5 39. Re1 Kf6 
40. Rf1 40... Ke6 41. Re1 Kd6 42. Kf3 Kc5 43. Kg2 e4 44. Kf1 
Kc4 45. Ke2 Kb3 46. Kf1 Bc3 47. Nxc3 Rxe1+ 48. Kxe1 Kxc3 49. Ke2 
Kd4 50. Kd2 50... Kd5 51. Ke2 Kd6 52. Kd2 Ke6 53. Ke2 Kf6 54. 
Ke3 Ke5 55. f3 Kd5 56. Ke2 Kd4 57. fxe4 fxe4 58. Kd2 e3+ 59. 
Ke1 Kd3 60. Kd1 60... e2+ 61. Ke1 Ke3 62. g4 hxg4 63. h5 g3 
0-1

[Event "Oebro CXU Nytaar 2023"]
[Site "Copenhagen"]
[Date "2023.12.28"]
[Round "4"]
[Board "7"]
[White "Thorsbro, Peter"]
[Black "Sorensen, Peter"]
[Result "1/2-1/2"]
[WhiteElo "2180"]
[BlackElo "1664"]
[PlyCount "86"]
[EventDate "2023.12.27"]
[EventType "swiss"]
[EventRounds "7"]
[EventCountry "DEN"]
[SourceTitle "Live v. Freja Gronnemose"]

1. d4 e6 2. Nf3 d5 3. g3 Nf6 4. Bg2 c5 5. O-O Nc6 
6. b3 b6 7. Bb2 Bb7 8. Nbd2 cxd4 9. Nxd4 Nxd4 10. Bxd4 10... 
Bc5 11. Bxc5 bxc5 12. c4 O-O 13. cxd5 exd5 14. Qc2 Rc8 15. Rfd1 
Qb6 16. e4 d4 17. Nc4 Qc7 18. Re1 Ne8 19. e5 Bxg2 20. Kxg2 
20... f6 21. e6 Qe7 22. f4 Nd6 23. Nxd6 Qxd6 24. Qc4 Rfe8 25. 
Rac1 a5 26. e7+ Kh8 27. Re6 Qd7 28. Rce1 Qb7+ 29. Kf2 Rc7 30. 
Qa6 30... Qxa6 31. Rxa6 Kg8 32. Rxa5 Kf7 33. Rc1 Rcxe7 34. Raxc5 Re2+ 
35. Kf1 d3 36. Rd5 d2 37. Rc7+ Kg6 38. Rcd7 Re1+ 39. Kf2 R1e2+ 
40. Kf3 40... h5 41. f5+ Kh6 42. Rxd2 R8e3+ 43. Kf4 Re4+ 1/2-1/2

[Event "Oebro CXU Nytaar 2023"]
[Site "Copenhagen"]
[Date "2023.12.28"]
[Round "4"]
[Board "8"]
[White "Wahlgreen, Noah Krug"]
[Black "Gregor, Bjarke"]
[Result "0-1"]
[WhiteElo "1968"]
[BlackElo "2172"]
[PlyCount "70"]
[EventDate "2023.12.27"]
[EventType "swiss"]
[EventRounds "7"]
[EventCountry "DEN"]
[SourceTitle "Live v. Freja Gronnemose"]

1. d4 Nf6 2. Bf4 e6 3. e3 d5 4. Nf3 Bd6 5. Ne5 O-O 
6. Nd2 c5 7. c3 Qc7 8. Bd3 a5 9. O-O c4 10. Bc2 10... 
b5 11. e4 Bb7 12. exd5 Bxd5 13. Qe2 Nbd7 14. Bg3 Nb6 15. h4 
b4 16. h5 h6 17. Ne4 Bxe4 18. Bxe4 Nxe4 19. Qxe4 Nd5 20. cxb4 
20... axb4 21. a3 bxa3 22. bxa3 c3 23. Ng6 Rfe8 24. Bxd6 Qxd6 25. 
Qe5 Qb6 26. Nf4 Nxf4 27. Qxf4 Red8 28. Rfd1 Qb2 29. Qc7 Rac8 30. 
Qa7 30... c2 31. Rdc1 Rxd4 32. Qa6 Rcd8 33. Qe2 Rd2 34. Qf1 Qxa1 
35. Rxa1 Rd1 0-1

[Event "Oebro CXU Nytaar 2023"]
[Site "Copenhagen"]
[Date "2023.12.28"]
[Round "4"]
[Board "9"]
[White "Jensen, Benjamin Lau"]
[Black "Porte, Henrik"]
[Result "0-1"]
[WhiteElo "1889"]
[BlackElo "2153"]
[PlyCount "64"]
[EventDate "2023.12.27"]
[EventType "swiss"]
[EventRounds "7"]
[EventCountry "DEN"]
[SourceTitle "Live v. Freja Gronnemose"]

1. e4 c6 2. d4 d5 3. e5 Bf5 4. h4 h5 5. Bd3 Bxd3 
6. Qxd3 e6 7. Bg5 Qa5+ 8. Nd2 c5 9. c4 cxd4 10. Nf3 10... 
Nc6 11. O-O Be7 12. Nb3 Qa6 13. Nbxd4 Bxg5 14. Nxg5 Nxd4 15. Qxd4 
Qxc4 16. Qe3 Nh6 17. Rac1 Qxh4 18. g3 Qb4 19. Rc7 O-O 20. Rfc1 
20... b6 21. a3 Qg4 22. Rb7 Nf5 23. Qf4 Nd4 24. Qxg4 hxg4 25. 
Kg2 Rac8 26. Rxc8 Rxc8 27. Nxf7 Nf3 28. Kf1 Rc2 29. b4 d4 30. 
Nd6 30... d3 31. Ne4 Rc1+ 32. Kg2 Rg1# 0-1

[Event "Oebro CXU Nytaar 2023"]
[Site "Copenhagen"]
[Date "2023.12.28"]
[Round "4"]
[Board "10"]
[White "Borge, Jannik"]
[Black "Kakulidis, Ellen"]
[Result "0-1"]
[WhiteElo "1500"]
[BlackElo "2054"]
[PlyCount "96"]
[EventDate "2023.12.27"]
[EventType "swiss"]
[EventRounds "7"]
[EventCountry "DEN"]
[SourceTitle "Live v. Freja Gronnemose"]

1. d4 d5 2. c4 c6 3. g3 Nf6 4. Nf3 Bf5 5. Bg2 e6 
6. Qb3 Qb6 7. Qxb6 axb6 8. cxd5 exd5 9. Nc3 Bd6 10. Bg5 10... 
Nbd7 11. O-O h6 12. Bd2 O-O 13. Rfe1 Rfe8 14. Rac1 b5 15. a3 
Nb6 16. Bf4 Bxf4 17. gxf4 Nc4 18. b3 Nxa3 19. Nh4 Bc2 20. b4 
20... Bh7 21. f5 g5 22. fxg6 fxg6 23. e4 dxe4 24. Bxe4 g5 25. 
Bxh7+ Kxh7 26. Nf5 Rxe1+ 27. Rxe1 Nc2 28. Re6 Kg6 29. Nxh6 Nxd4 30. 
Rd6 30... Nf5 31. Nxf5 Kxf5 32. Kg2 Re8 33. Rd2 Ne4 34. Re2 Nf6 
35. Rxe8 Nxe8 36. Kf3 Nc7 37. h3 Na6 38. Na2 b6 39. Ke3 c5 
40. Nc3 40... Nxb4 41. Nxb5 Nd5+ 42. Kf3 Nf6 43. Nd6+ Ke6 44. Ne4 
Nxe4 45. Kxe4 b5 46. f3 b4 47. Kd3 Kf5 48. Kc4 Kf4 0-1

[Event "Oebro CXU Nytaar 2023"]
[Site "Copenhagen"]
[Date "2023.12.28"]
[Round "4"]
[Board "11"]
[White "Jarlskov, Daniel Tuk Hartso"]
[Black "Moller, Arne Vagn"]
[Result "1-0"]
[WhiteElo "2135"]
[BlackElo "1780"]
[PlyCount "75"]
[EventDate "2023.12.27"]
[EventType "swiss"]
[EventRounds "7"]
[EventCountry "DEN"]
[SourceTitle "Live v. Freja Gronnemose"]

1. c4 c5 2. Nc3 Nc6 3. g3 g6 4. Bg2 Bg7 5. e3 d6 
6. Nge2 e6 7. O-O Nge7 8. Nf4 O-O 9. a3 a6 10. Rb1 10... 
Rb8 11. b4 cxb4 12. axb4 b5 13. cxb5 axb5 14. d4 Bd7 15. Qb3 
e5 16. dxe5 dxe5 17. Nfd5 Be6 18. Rd1 Qc8 19. Bb2 Nxd5 20. Bxd5 
20... Bxd5 21. Rxd5 Qe6 22. Ba3 Rfd8 23. Rxb5 Qxb3 24. Rxb3 Rxb5 25. 
Nxb5 Rb8 26. Nd6 Bf8 27. b5 Na5 28. Rb1 Nb7 29. Nc4 Bxa3 30. 
Nxa3 30... e4 31. Rb4 f5 32. Nc2 Kg7 33. Nd4 Kh6 34. Kf1 Nc5 
35. Ke2 Nd3 36. Rb1 Ra8 37. b6 Ra2+ 38. Kf1 1-0

[Event "Oebro CXU Nytaar 2023"]
[Site "Copenhagen"]
[Date "2023.12.28"]
[Round "4"]
[Board "12"]
[White "Saravana, Vedant Kumar"]
[Black "Skou, Niels"]
[Result "1/2-1/2"]
[WhiteElo "1939"]
[BlackElo "2115"]
[PlyCount "99"]
[EventDate "2023.12.27"]
[EventType "swiss"]
[EventRounds "7"]
[EventCountry "DEN"]
[SourceTitle "Live v. Freja Gronnemose"]

1. e4 e5 2. Nf3 Nc6 3. Bc4 Bc5 4. c3 Nf6 5. d3 a6 
6. a4 Ba7 7. O-O d6 8. Nbd2 O-O 9. Re1 h6 10. h3 10... 
Re8 11. Nf1 Be6 12. Bxe6 Rxe6 13. Be3 Qd7 14. Bxa7 Rxa7 15. Ne3 
Ra8 16. Nc4 Rae8 17. Qd2 Nh5 18. Kh2 Rf6 19. Ne3 Nf4 20. Nd5 
20... Nxd5 21. exd5 Ne7 22. d4 exd4 23. Qxd4 Ng6 24. Qg4 Qd8 25. 
Rxe8+ Qxe8 26. Re1 Qd8 27. Qe4 Kf8 28. Nh4 Ne7 29. Kg1 Qd7 30. 
b3 30... g5 31. Nf3 Ng6 32. Nd4 Rf4 33. Ne6+ Qxe6 34. dxe6 Rxe4 
35. Rxe4 f5 36. e7+ Nxe7 37. Re6 Ng8 38. Kf1 Kf7 39. Re3 Ne7 
40. c4 40... Nc6 41. g3 a5 42. f4 Nd4 43. Rd3 c5 44. Kf2 
Kf6 45. Ke3 Nc2+ 46. Kd2 Nd4 47. Ke3 Nc2+ 48. Kf2 Nd4 49. Rd2 
Ke6 50. Rd3 1/2-1/2

[Event "Oebro CXU Nytaar 2023"]
[Site "Copenhagen"]
[Date "2023.12.28"]
[Round "4"]
[Board "13"]
[White "Lauritsen, Martin Lee"]
[Black "Ramsdal, Mikkel"]
[Result "1-0"]
[WhiteElo "2112"]
[BlackElo "1800"]
[PlyCount "63"]
[EventDate "2023.12.27"]
[EventType "swiss"]
[EventRounds "7"]
[EventCountry "DEN"]
[SourceTitle "Live v. Freja Gronnemose"]

1. c4 c5 2. Nc3 Nc6 3. g3 g6 4. Bg2 Bg7 5. e3 e6 
6. Nge2 Nge7 7. O-O O-O 8. d4 cxd4 9. exd4 d5 10. cxd5 10... 
Nxd5 11. h4 b6 12. Qa4 Bb7 13. Nxd5 exd5 14. Rd1 Re8 15. Nc3 
Ne7 16. Bg5 h6 17. Bxe7 Rxe7 18. Qb3 Rd7 19. Bh3 Re7 20. Bg2 
20... Rd7 21. Rd2 Rc8 22. Rad1 h5 23. Re1 Rc4 24. Rde2 Qf6 25. 
Re8+ Kh7 26. Bh3 Rdc7 27. Nb5 Rc2 28. Rf1 Qc6 29. Nxc7 Qxc7 30. 
Rd1 30... Qc6 31. Re7 Kg8 32. Rxb7 1-0

[Event "Oebro CXU Nytaar 2023"]
[Site "Copenhagen"]
[Date "2023.12.28"]
[Round "4"]
[Board "14"]
[White "Moe, Mogens"]
[Black "Mortensen, Henrik"]
[Result "1-0"]
[WhiteElo "2063"]
[BlackElo "1952"]
[PlyCount "65"]
[EventDate "2023.12.27"]
[EventType "swiss"]
[EventRounds "7"]
[EventCountry "DEN"]
[SourceTitle "Live v. Freja Gronnemose"]

1. e4 d5 2. exd5 Qxd5 3. Nc3 Qa5 4. Bc4 Nf6 5. d3 c6 
6. Qe2 Bf5 7. Bd2 e6 8. h3 h6 9. g4 Bg6 10. h4 10... 
Nbd7 11. h5 Bh7 12. f4 Bb4 13. a3 O-O-O 14. Ba2 Bxc3 15. Bxc3 
Qc7 16. Nh3 Nc5 17. O-O-O Rhg8 18. Rhg1 Nd5 19. Be5 Qe7 20. Qf2 
20... b6 21. Rge1 Nd7 22. Bd4 Qd6 23. Qf3 f6 24. Bf2 Kb7 25. 
Bg3 Nc3 26. Bxe6 Rgf8 27. bxc3 Qxa3+ 28. Kd2 Nc5 29. Ra1 Nxd3 30. 
Rxa3 30... Ne5+ 31. Ke2 Nxf3 32. Kxf3 Bxc2 33. Nf2 1-0

[Event "Oebro CXU Nytaar 2023"]
[Site "Copenhagen"]
[Date "2023.12.28"]
[Round "4"]
[Board "15"]
[White "Kokholm, Daniel"]
[Black "Brondal, Paul"]
[Result "1/2-1/2"]
[WhiteElo "1762"]
[BlackElo "1981"]
[PlyCount "29"]
[EventDate "2023.12.27"]
[EventType "swiss"]
[EventRounds "7"]
[EventCountry "DEN"]
[SourceTitle "Live v. Freja Gronnemose"]

1. d4 d5 2. Nf3 e6 3. e3 Nf6 4. Bd3 Be7 5. Nbd2 O-O 
6. O-O b6 7. b3 Ba6 8. c4 c5 9. Bb2 Nbd7 10. Ne5 10... 
Bb7 11. f4 Ne4 12. Nxd7 Qxd7 13. Qe2 Nxd2 14. Qxd2 f5 15. Rad1 
1/2-1/2

[Event "Oebro CXU Nytaar 2023"]
[Site "Copenhagen"]
[Date "2023.12.28"]
[Round "4"]
[Board "16"]
[White "Petersen, Lasse Emil"]
[Black "Slavensky, Asbjorn Vesterkaer"]
[Result "1-0"]
[WhiteElo "1798"]
[BlackElo "1722"]
[PlyCount "67"]
[EventDate "2023.12.27"]
[EventType "swiss"]
[EventRounds "7"]
[EventCountry "DEN"]
[SourceTitle "Live v. Freja Gronnemose"]

1. d4 Nf6 2. Nf3 c5 3. c3 e6 4. Bf4 d5 5. e3 Nc6 
6. Bd3 Bd6 7. Bxd6 Qxd6 8. Nbd2 O-O 9. O-O Rd8 10. Rc1 10... 
e5 11. dxe5 Nxe5 12. Nxe5 Qxe5 13. Nf3 Qe7 14. Qe1 b6 15. a3 
a5 16. Qd2 Ba6 17. Bxa6 Rxa6 18. Qc2 Ne4 19. Rcd1 b5 20. Qb3 
20... Qb7 21. Qc2 Re6 22. Rd3 c4 23. Rd4 b4 24. cxb4 axb4 25. 
Qxc4 bxa3 26. bxa3 Rc6 27. Rxd5 Nd6 28. Qd3 Qe7 29. Rd1 Rdc8 30. 
h3 30... Rc3 31. Qd4 R3c4 32. Qe5 Qxe5 33. Nxe5 f6 34. Nxc4 1-0

[Event "Oebro CXU Nytaar 2023"]
[Site "Copenhagen"]
[Date "2023.12.28"]
[Round "4"]
[Board "17"]
[White "Taskiran, Erol"]
[Black "Wehding, Anton Bonsvig"]
[Result "0-1"]
[WhiteElo "1714"]
[BlackElo "1935"]
[PlyCount "79"]
[EventDate "2023.12.27"]
[EventType "swiss"]
[EventRounds "7"]
[EventCountry "DEN"]
[SourceTitle "Live v. Freja Gronnemose"]

1. d4 Nf6 2. c4 e6 3. Nf3 d5 4. Nc3 Be7 5. Bf4 O-O 
6. e3 c6 7. Bd3 Nbd7 8. O-O Re8 9. h3 b6 10. Rc1 10... 
Ba6 11. cxd5 Bxd3 12. Qxd3 exd5 13. Rc2 a6 14. Rfc1 Bf8 15. Na4 
c5 16. dxc5 Nxc5 17. Nxc5 bxc5 18. b3 Qb6 19. Be5 Rad8 20. Qf5 
20... Ne4 21. Qf4 Rd7 22. Qg4 Red8 23. Nh4 f6 24. Bb2 Ng5 25. 
Ba3 Rc7 26. Nf5 Rdc8 27. h4 Nf7 28. h5 Ne5 29. Qg3 Qe6 30. 
Nd4 30... Qf7 31. Ne2 Qxh5 32. Nc3 Qf7 33. Na4 c4 34. Bxf8 Kxf8 
35. Qh3 h6 36. Nb6 Rb8 37. Na4 Nd3 38. Qg3 Nxc1 39. Rxc1 Rbb7 
40. bxc4 0-1

[Event "Oebro CXU Nytaar 2023"]
[Site "Copenhagen"]
[Date "2023.12.28"]
[Round "4"]
[Board "18"]
[White "Jalving, August"]
[Black "Nagaraja, Anirudh"]
[Result "1-0"]
[WhiteElo "1933"]
[BlackElo "1492"]
[PlyCount "71"]
[EventDate "2023.12.27"]
[EventType "swiss"]
[EventRounds "7"]
[EventCountry "DEN"]
[SourceTitle "Live v. Freja Gronnemose"]

1. Nf3 d5 2. d4 Bf5 3. c4 c6 4. Nc3 e6 5. Qb3 Qb6 
6. c5 Qxb3 7. axb3 Be7 8. b4 Nf6 9. b5 O-O 10. e3 10... 
Ne4 11. Nxe4 Bxe4 12. Nd2 Bg6 13. b6 a6 14. Nb3 Nd7 15. Na5 
Rab8 16. b4 Bf6 17. Bb2 Rfe8 18. Be2 e5 19. Bg4 Nf8 20. O-O 
20... e4 21. Bc3 h6 22. Ra3 Be7 23. Rb1 f5 24. Be2 Ne6 25. 
Rbb3 Bf7 26. Bxa6 bxa6 27. Nxc6 Rb7 28. Rxa6 Nd8 29. Na5 Rd7 30. 
h3 30... Ne6 31. c6 Rdd8 32. c7 Rd6 33. b5 Rd7 34. Ra7 Rd6 
35. Nc6 Nf8 36. Nxe7+ 1-0

[Event "Oebro CXU Nytaar 2023"]
[Site "Copenhagen"]
[Date "2023.12.28"]
[Round "4"]
[Board "19"]
[White "Petersen, Poul Erik"]
[Black "Ramsdal, Lasse Andreas"]
[Result "1-0"]
[WhiteElo "1870"]
[BlackElo "1688"]
[PlyCount "57"]
[EventDate "2023.12.27"]
[EventType "swiss"]
[EventRounds "7"]
[EventCountry "DEN"]
[SourceTitle "Live v. Freja Gronnemose"]

1. e4 e6 2. c4 b6 3. d4 Bb7 4. d5 g6 5. Nf3 Bg7 
6. Nc3 Ne7 7. Bg5 O-O 8. Be2 f6 9. Be3 f5 10. e5 10... 
exd5 11. cxd5 Re8 12. Bc4 d6 13. e6 c6 14. dxc6 Nbxc6 15. O-O 
Ne5 16. Nxe5 dxe5 17. Qb3 Qc7 18. Rfd1 Rad8 19. Bb5 Rxd1+ 20. Rxd1 
20... Bc6 21. Bg5 Kf8 22. Qb4 a5 23. Qa3 Bxb5 24. Nxb5 Qc5 25. 
Qxc5 bxc5 26. Nc7 h6 27. Bxe7+ Kxe7 28. Rd7+ Kf8 29. Nxe8 1-0

[Event "Oebro CXU Nytaar 2023"]
[Site "Copenhagen"]
[Date "2023.12.28"]
[Round "4"]
[Board "20"]
[White "Derlich, Sarah Sima"]
[Black "Hove, Svend Kjems"]
[Result "0-1"]
[WhiteElo "1749"]
[BlackElo "1844"]
[PlyCount "118"]
[EventDate "2023.12.27"]
[EventType "swiss"]
[EventRounds "7"]
[EventCountry "DEN"]
[SourceTitle "Live v. Freja Gronnemose"]

1. e4 d5 2. exd5 Qxd5 3. Nc3 Qe6+ 4. Be2 Qg6 5. Bf3 Nc6 
6. Nge2 e5 7. O-O Bf5 8. d3 O-O-O 9. Ng3 Bd7 10. a3 10... 
Nf6 11. b4 h5 12. b5 Nd4 13. Re1 h4 14. Nf1 Qf5 15. Ne3 
Nxf3+ 16. Qxf3 Qxf3 17. gxf3 Nh5 18. Nc4 f6 19. Be3 Nf4 20. Reb1 
20... Rh5 21. Bxf4 exf4 22. Ne4 Be6 23. Ncd2 Rh6 24. a4 Rg6+ 25. 
Kh1 f5 26. Nc3 Bc5 27. Ne2 Bxf2 28. Nxf4 Rf6 29. Rf1 Bd4 30. 
Nxe6 30... Rxe6 31. Rae1 Rde8 32. Rxe6 Rxe6 33. Nb3 Bc3 34. Kg1 b6 
35. h3 Kd7 36. Kf2 Be5 37. f4 Bxf4 38. Kf3 g5 39. Nd4 Re5 
40. Kg2 40... Kd6 41. Nf3 Re3 42. Kf2 Kc5 43. Re1 Rxe1 44. Kxe1 
Kb4 45. c4 Kxa4 46. Ke2 Kb4 47. Nd4 g4 48. Kf2 gxh3 49. Ne2 
Bd2 50. Kf1 50... f4 51. Nd4 Kc3 52. Nf3 Kxd3 53. Ne5+ Ke3 54. 
c5 bxc5 55. b6 cxb6 56. Nc4+ Kd3 57. Ne5+ Ke4 58. Ng4 c4 59. 
Nf2+ Ke5 0-1

[Event "Oebro CXU Nytaar 2023"]
[Site "Copenhagen"]
[Date "2023.12.29"]
[Round "5"]
[Board "1"]
[White "Jacobsen, Mikkel Manosri"]
[Black "Hector, Jonny"]
[Result "1/2-1/2"]
[WhiteElo "2322"]
[BlackElo "2444"]
[PlyCount "65"]
[EventDate "2023.12.27"]
[EventType "swiss"]
[EventRounds "7"]
[EventCountry "DEN"]
[SourceTitle "Live v. Freja Gronnemose"]

1. c4 e5 2. Nf3 e4 3. Nd4 Nc6 4. e3 Nf6 5. Nc3 Bb4 
6. Qc2 Nxd4 7. exd4 O-O 8. a3 Be7 9. d3 d5 10. cxd5 10... 
exd3 11. Bxd3 h6 12. O-O Nxd5 13. Nxd5 Qxd5 14. Qxc7 Bd6 15. Qc4 
Qh5 16. g3 Bd7 17. Be2 Qg6 18. Bf3 Rac8 19. Qb3 b5 20. Be3 
20... a5 21. Rfc1 a4 22. Qd5 Rcd8 23. Be4 Qf6 24. Qb7 Rfe8 25. 
Bg2 Qg6 26. Bc6 Qf5 27. d5 Rxe3 28. fxe3 Qe4 29. Bxd7 Qxe3+ 30. 
Kg2 30... Qe2+ 31. Kg1 Qe3+ 32. Kg2 Qe2+ 33. Kg1 1/2-1/2

[Event "Oebro CXU Nytaar 2023"]
[Site "Copenhagen"]
[Date "2023.12.29"]
[Round "5"]
[Board "2"]
[White "Ramsdal, Jens Albert"]
[Black "Thuesen, Mogens Henrik"]
[Result "1/2-1/2"]
[WhiteElo "2413"]
[BlackElo "2036"]
[PlyCount "108"]
[EventDate "2023.12.27"]
[EventType "swiss"]
[EventRounds "7"]
[EventCountry "DEN"]
[SourceTitle "Live v. Freja Gronnemose"]

1. d4 Nf6 2. c4 e5 3. dxe5 Ng4 4. e4 Nxe5 5. f4 Nec6 
6. Be3 Bb4+ 7. Nd2 Qe7 8. Bd3 Na6 9. Qe2 Nc5 10. O-O-O 10... 
d6 11. h3 O-O 12. Ngf3 Re8 13. Rhe1 a5 14. a3 Bxd2+ 15. Nxd2 
Qf6 16. Bxc5 dxc5 17. Qh5 g6 18. Qh6 Nd4 19. g4 Bd7 20. e5 
20... Qg7 21. Qxg7+ Kxg7 22. Re3 Ba4 23. Rde1 Rad8 24. Be4 Bc6 25. 
Bxc6 Nxc6 26. Ne4 Rd4 27. Rc3 a4 28. Nxc5 Rxf4 29. Nxb7 Rxe5 30. 
Rxe5 30... Nxe5 31. Nc5 h5 32. gxh5 g5 33. Nxa4 Nxc4 34. Kc2 f5 
35. b4 Nxa3+ 36. Rxa3 Rxb4 37. Kd2 Kh6 38. Nc5 Kxh5 39. Nd3 Rd4 
40. Ra5 40... f4 41. Ke2 Kh4 42. Nf2 Rc4 43. Kf3 Rc3+ 44. Kg2 
Rg3+ 45. Kh2 Rf3 46. Ra2 c5 47. Kg2 Rg3+ 48. Kf1 Rb3 49. Rc2 
Kg3 50. Ne4+ 50... Kh4 51. Rxc5 Rxh3 52. Rxg5 Rf3+ 53. Kg2 Rg3+ 54. 
Rxg3 fxg3 1/2-1/2

[Event "Oebro CXU Nytaar 2023"]
[Site "Copenhagen"]
[Date "2023.12.29"]
[Round "5"]
[Board "3"]
[White "Hansen, Soren Bech"]
[Black "Nilssen, Ellen Fredericia"]
[Result "1-0"]
[WhiteElo "2170"]
[BlackElo "2193"]
[PlyCount "91"]
[EventDate "2023.12.27"]
[EventType "swiss"]
[EventRounds "7"]
[EventCountry "DEN"]
[SourceTitle "Live v. Freja Gronnemose"]

1. e4 c5 2. Nf3 d6 3. Bb5+ Nd7 4. Ba4 Nf6 5. O-O e6 
6. Re1 a6 7. c3 b5 8. Bc2 c4 9. d4 cxd3 10. Qxd3 10... 
Bb7 11. Nbd2 Be7 12. Qe2 O-O 13. a4 bxa4 14. Rxa4 Nc5 15. Ra1 
e5 16. b4 Ne6 17. Nb3 Qc7 18. Bd2 Bc8 19. Bd3 Nf4 20. Bxf4 
20... exf4 21. Rec1 Be6 22. Nfd4 f3 23. Qxf3 Bg4 24. Qe3 d5 25. 
e5 Nd7 26. f4 f6 27. Bf5 Bxf5 28. Nxf5 Rfe8 29. Qf3 Nb6 30. 
e6 30... Bd6 31. Nxd6 Qxd6 32. Nd4 Nc4 33. Ra2 g6 34. Rca1 Re7 
35. h4 Kg7 36. Kh1 a5 37. bxa5 Qc5 38. a6 Nd6 39. Ra5 Qc8 
40. Qxd5 40... Ne8 41. a7 Nc7 42. Qd6 Qe8 43. Nc6 Rxe6 44. Qxc7+ 
Kh6 45. Nd4 Re1+ 46. Kh2 1-0

[Event "Oebro CXU Nytaar 2023"]
[Site "Copenhagen"]
[Date "2023.12.29"]
[Round "5"]
[Board "4"]
[White "Gregor, Bjarke"]
[Black "Borge, Nikolaj"]
[Result "0-1"]
[WhiteElo "2172"]
[BlackElo "2402"]
[PlyCount "64"]
[EventDate "2023.12.27"]
[EventType "swiss"]
[EventRounds "7"]
[EventCountry "DEN"]
[SourceTitle "Live v. Freja Gronnemose"]

1. e4 e5 2. Nf3 Nc6 3. Bc4 Nf6 4. d4 exd4 5. e5 d5 
6. Bb5 Nd7 7. O-O Be7 8. Bxc6 bxc6 9. Nxd4 Nb8 10. f4 10... 
c5 11. Nf3 O-O 12. Be3 a5 13. Nbd2 a4 14. Qe2 Bf5 15. Bf2 
Na6 16. Ne1 f6 17. g4 Bc8 18. e6 f5 19. g5 Rb8 20. Nd3 
20... Rb6 21. Rae1 Rxe6 22. Ne5 Nb4 23. a3 Nxc2 24. Rc1 Ba6 25. 
Qh5 g6 26. Qf3 Nd4 27. Bxd4 cxd4 28. Rc6 Rxe5 29. Rxa6 Re3 30. 
Qg2 30... d3 31. Rxa4 Re2 32. Rf2 Bc5 0-1